| 000 | 00388cam a2200157ua 4500 | ||
|---|---|---|---|
| 041 |
_aeng _h |
||
| 082 |
_a307.762 _bPOW/IN |
||
| 100 | _aPowell-Baden, B H . | ||
| 245 |
_aIndian village community / _cB H Baden Powell. _hTextual Documents |
||
| 250 |
_a1 / _b. |
||
| 260 |
_aNew Haven : _bHraf Press , _c1957. |
||
| 300 | _a456 ; . | ||
| 504 | _a | ||
| 942 | _cBK | ||
| 999 |
_c1499 _d1499 |
||